000 01710nam a2200349 a 4500
003 BLK
005 20231106094949.0
008 180412b bul|||||r ||||||| ||bul||
010 _aKNG00010479000
020 _a954-557-003-X
040 _aBLK
041 _aBUL
_cBUL
080 _aОбщи енциклопедии. Енциклопедични речници. Научни справочници. Отраслови енциклопедии и справочници се класират в съответните отдели с определител за форма
_b03
_x(497.2)
_z03(497.2)
139 _aСъвременна българска енциклопедия
_bС 96
245 1 0 _aСъвременна българска енциклопедия
_bТ. 1 - 5
_cпод ред. на Иван Габеров; под ред. на Нейко Генчев Генчев.
_nТ. 2
_pДапсанг - Колумбия
257 _aBGR
260 _aВ. Търново
_bЕлпис
_c1993 - 1995
_9209673
_n954-557-
300 _c24 см
_a688 с.
_b с ил., портр., сх.
380 _a0
490 _aЕнциклопедична поредица Елпис
650 4 _aЕнциклопедии
_9154961
700 1 _aГаберов, Иван
_eпод ред. на
_9363970
700 1 _aГенчев, Нейко Генчев
_eпод ред. на
_9254089
760 1 _dЕлпис, 1994
_h688 с. : с ил., портр., сх.
_tТ. 2 Дапсанг - Колумбия
852 _aЦб 177124
_bЦб
856 4 _qpdf
_u
856 4 _qpdf
_u
942 _cKNG
_n0
944 _aCR
_c15.01.2003
_k30534
_lРадостина Карадакова
944 _aED
_c31.10.2007
999 _c9079
_d9079
999 _d9079